|
|
|
|
| LEADER |
01349nam a2200349Ia 4500 |
| 001 |
EBC297137 |
| 003 |
MiAaPQ |
| 005 |
20200520144314.0 |
| 006 |
m o d | |
| 007 |
cr cn||||||||| |
| 008 |
050208s2005 enk sb 001 0 eng d |
| 020 |
|
|
|z 9780750662123
|
| 020 |
|
|
|z 0750662123
|
| 035 |
|
|
|a (MiAaPQ)EBC297137
|
| 035 |
|
|
|a (Au-PeEL)EBL297137
|
| 035 |
|
|
|a (CaPaEBR)ebr10180951
|
| 035 |
|
|
|a (CaONFJC)MIL101438
|
| 035 |
|
|
|a (OCoLC)212942465
|
| 040 |
|
|
|a MiAaPQ
|c MiAaPQ
|d MiAaPQ
|
| 050 |
|
4 |
|a HD30.4
|b .L35 2005
|
| 100 |
1 |
|
|a Lancaster, Geoffrey,
|d 1938-
|
| 245 |
1 |
0 |
|a Research methods in management
|h [electronic resource] :
|b a concise introduction to research in management and business consultancy /
|c Geoff Lancaster.
|
| 260 |
|
|
|a Oxford :
|b Elsevier/Butterworth Heinemann,
|c c2005.
|
| 300 |
|
|
|a viii, 258 p.
|
| 504 |
|
|
|a Includes bibliographical references and index.
|
| 533 |
|
|
|a Electronic reproduction. Ann Arbor, MI : ProQuest, 2015. Available via World Wide Web. Access may be limited to ProQuest affiliated libraries.
|
| 650 |
|
0 |
|a Management
|x Research
|x Methodology.
|
| 650 |
|
0 |
|a Business
|x Research
|x Methodology.
|
| 650 |
|
0 |
|a Business consultants.
|
| 655 |
|
4 |
|a Electronic books.
|
| 710 |
2 |
|
|a ProQuest (Firm)
|
| 856 |
4 |
0 |
|u https://ebookcentral.proquest.com/lib/matrademy/detail.action?docID=297137
|z Click to View
|